02587cam a22003375a 45000010009000000050017000090080041000260200016000670200019000830400028001020430021001300820023001511000036001742450083002102600070002933000027003635000024003905040031004145201174004456000047016196500057016666500057017236510058017806510058018386510058018966510056019546530039020109420023020499990017020729520160020891787853120151017134053.0130906t20122012nyu frb 001 0deng d a1137278390  a9781137278395  aDLCbengcDLCdEG-ScBUE an-us---aaw-----04a327.73056222bGER1 aGerges, Fawaz A.,d1958-91552710aObama and the Middle East :bthe end of America's moment ? /cFawaz A. Gerges. aNew York :bPALGRAVE MACMILLAN / St. Martin's Press LLC,cc.2012. aviii, 292 p. ;c23 cm. aIndex : p. 285-292. aBibliography : p. 249-284. a"During his presidential campaign, Barack Obama promised to distance the United States from the neoconservative foreign policy legacy of his predecessor, George W. Bush, and usher in a new era of a global, interconnected world. More than two years have passed since his inauguration, and the reality of President Obama's approach is in stark contrast to the ebullient and optimistic image that he originally built up. In fact, Obama is not committed to redefining U.S. foreign policy in a transformational way, but to calibrating and correcting the Bush policies, and reclaiming the neorealist approach that defined America's foreign policy since WWII. Taking stock of Obama's first year in the White House, this book places his engagement in the Middle East within the broader context of U.S. foreign policy since 9/11 and examines key areas that have posed a challenge to his administration. Middle East expert Fawaz Gerges highlights the administration's widening credibility gap and lack of resolve and political will to directly confront policy challenges head-on, and offer essential strategic recommendations for advancing U.S. relations with the Muslim world"--10aObama, BarackxPolitical and social views. 2BUEshaUnited StatesxForeign relationszMiddle East aMiddle EastxForeign relationszUnited States2BUEsh 0aUnited StatesxForeign relationszMiddle East.2BUEsh 0aMiddle EastxForeign relationszUnited States.2BUEsh 0aUnited StatesxForeign relationsy2009-2BUEsh912732 0aUnited StatesxForeign relationsy2001-2009.2BUEsh bBUSBOLcSeptember2015cOctober2015 2ddck327.73056 GER c20806d20778 00102ddc40708BaccahaMAINbMAINc1STd2015-09-01ePurchaseg120.00h23317l3m94o327.73056 GERp000030904r2025-07-15 00:00:00s2022-02-22v150.00yBB